|
|
|
|
| LEADER |
00000nab a2200000ua 4500 |
| 001 |
vtls010777222 |
| 003 |
SK-MaSNL |
| 005 |
20260303123417.0 |
| 008 |
230214s1938 xo |||||||||||||||||cze| |
| 035 |
|
|
|a (urnnbn)urn:nbn:sk:snk:ar-a03l59
|
| 035 |
|
|
|a (uuid)82521e0e-6e3f-4e52-8842-34d757c21469
|
| 035 |
|
|
|a urn:nbn:sk:snk-ab5cij
|
| 040 |
|
|
|a SNKBUCL
|b slo
|c SNKBUCL
|e AACR2
|
| 041 |
0 |
|
|a cze
|
| 044 |
|
|
|a xo
|c SK
|
| 100 |
1 |
|
|a Teissler, Jaroslav
|4 aut
|9 1139171
|
| 245 |
1 |
0 |
|a Kontaktní protésy
|c Jaroslav Teissler
|
| 773 |
0 |
|
|t Bratislavské lekárske listy
|g Roč. 18, č. 9 (1938), s. 337-342
|
| 954 |
|
|
|a odborná, vedecká literatúra cudzojazyčná (svetová)
|2 lita
|
| 958 |
|
|
|a OND
|
| 958 |
|
|
|a EUIPO
|
| 958 |
|
|
|a article3
|
| 999 |
|
|
|c 1925755
|d 1927685
|